Salidas del laberinto capitalista : decrecimiento y postextractivismo

Con este libro de Alberto Acosta y Ulrich Brand sobre decrecimiento y postextractivismo, la Oficina Región Andina de la Fundación Rosa Luxemburg busca aportar al pensamiento conjunto entre el Norte global y el Sur global acerca de cómo salir del laberinto capitalista. Nos parece una contribución val...

Full description

Bibliographic Details
Main Author: Acosta, Alberto
Other Authors: Brand, Ulrich
Format: Analitica de revista
Published: Quito: Fundación Rosa Luxemburg, 2018
Subjects:
Online Access:Acceso electrónico al documento

MARC

LEADER 00000cab a2200000 a 4500
001 024253
003 UAHC_CL
005 20200413173658.0
008 110603s2018 000 spa
952 |0 0  |1 0  |2 ddc  |4 0  |6 RECURSO_ELECTRONICO  |7 0  |8 COMP  |9 93644  |a BC  |b BC  |c General  |d 2020-04-13  |o RECURSO ELECTRONICO  |r 2020-04-13 00:00:00  |w 2020-04-13  |y REVA  |z También lo encuentras en bibliografias.academia.cl  |A 186  |B 21  |C 19 
999 |c 53282  |d 53282 
040 |a UAHC_CL  |c UAHC_CL  |d UAHC_CL 
100 |a Acosta, Alberto  |9 11574 
245 1 0 |a Salidas del laberinto capitalista  |c Aberto Acosta, Ulrich Brand.  |b : decrecimiento y postextractivismo 
260 |c 2018  |a Quito:  |b Fundación Rosa Luxemburg, 
300 |a 228 p. 
520 |a Con este libro de Alberto Acosta y Ulrich Brand sobre decrecimiento y postextractivismo, la Oficina Región Andina de la Fundación Rosa Luxemburg busca aportar al pensamiento conjunto entre el Norte global y el Sur global acerca de cómo salir del laberinto capitalista. Nos parece una contribución valiosa para consolidar un espacio de reflexión común. Estamos convencidos de que hoy la superación del capitalismo solo es viable globalmente, considerando las interdependencias y tomando en cuenta las múltiples posibilidades, experiencias y propuestas locales, regionales y supranacionales de las cuales dan cuenta los dos conceptos abordados aquí: postextractivismo, desde América Latina, y decrecimiento, desde Europa 
653 |a Extractivismo 
653 |a Decrecimiento 
653 |a Postextractivismo 
700 |9 11575  |a Brand, Ulrich 
856 |u https://www.rosalux.org.ec/pdfs/Libro-Salidas-del-Laberinto.pdf  |3 Acceso electrónico al documento 
900 |a RECURSO ELECTRÓNICO 
942 |c REVA  |2 ddc